000 00204nam a22000857a 4500
082 _a808.882 OXF
245 _athe oxford dictionary of quotations
260 _anew york
_boxford university press
942 _cBK
999 _c20630
_d20630